Automatic process control for chemical engineers (Record no. 25223)

000 -LEADER
fixed length control field 00528nam a2200193 4500
001 - CONTROL NUMBER
control field 25223
003 - CONTROL NUMBER IDENTIFIER
control field BD-DhUET
008 - FIXED-LENGTH DATA ELEMENTS--GENERAL INFORMATION
fixed length control field 150304b1956 xxu||||| |||| 00| 0 eng d
040 ## - CATALOGING SOURCE
Original cataloging agency DLC
Transcribing agency DLC
Modifying agency BD-DhUET
082 ## - DEWEY DECIMAL CLASSIFICATION NUMBER
Classification number 660.28
Item number CEA/1956
100 ## - MAIN ENTRY--PERSONAL NAME
Personal name Ceaglaske, Norman H.
245 ## - TITLE STATEMENT
Title Automatic process control for chemical engineers
250 ## - EDITION STATEMENT
Edition statement 1st ed.
260 ## - PUBLICATION, DISTRIBUTION, ETC. (IMPRINT)
Place of publication, distribution, etc. New Delhi
Name of publisher, distributor, etc. Wiley Eastern
Date of publication, distribution, etc. 1956
300 ## - PHYSICAL DESCRIPTION
Extent xiv, 228 p.
Other physical details ill.
Dimensions 23 cm.
504 ## - BIBLIOGRAPHY, ETC. NOTE
Bibliography, etc Includes bibliographies
650 #0 - SUBJECT ADDED ENTRY--TOPICAL TERM
Topical term or geographic name as entry element Chemical engineering
942 ## - ADDED ENTRY ELEMENTS (KOHA)
Koha item type General Book
Holdings
Copy number Koha full call number Sublocation or collection (holding branch) Koha date last seen Not for loan Damaged status Shelving location Koha normalized classification for sorting Withdrawn status Piece designation (barcode) Price effective from Date acquired Lost status Source of classification or shelving scheme Location (home branch) Koha item type
1660.28/CEA/1956Central Library, BUET2015-05-13  Circulation section660_280000000000000_CEA_1956 326242015-05-132015-05-13  Central Library, BUETGeneral Book
2660.28/CEA/1956Central Library, BUET2015-05-13  Circulation section660_280000000000000_CEA_1956 326232015-05-132015-05-13  Central Library, BUETGeneral Book
3660.28/CEA/1956Central Library, BUET2015-05-13  Circulation section660_280000000000000_CEA_1956 326222015-05-132015-05-13  Central Library, BUETGeneral Book
4660.28/CEA/1956Central Library, BUET2015-05-13  Circulation section660_280000000000000_CEA_1956 326212015-05-132015-05-13  Central Library, BUETGeneral Book
5660.28/CEA/1956Central Library, BUET2015-05-13  Circulation section660_280000000000000_CEA_1956 209282015-05-132015-05-13  Central Library, BUETGeneral Book
6660.28/CEA/1956Central Library, BUET2015-05-13  Circulation section660_280000000000000_CEA_1956 373102015-05-132015-05-13  Central Library, BUETGeneral Book
7660.28/CEA/1956Central Library, BUET2015-05-13  Circulation section660_280000000000000_CEA_1956 326252015-05-132015-05-13  Central Library, BUETGeneral Book
8660.28/CEA/1956Central Library, BUET2015-05-13  Circulation section660_280000000000000_CEA_1956 111452015-05-132015-05-13  Central Library, BUETGeneral Book
9660.28/CEA/1956Central Library, BUET2015-05-13  Circulation section660_280000000000000_CEA_1956 111482015-05-132015-05-13  Central Library, BUETGeneral Book
10660.28/CEA/1956Central Library, BUET2015-05-13  Circulation section660_280000000000000_CEA_1956 111442015-05-132015-05-13  Central Library, BUETGeneral Book
11660.28/CEA/1956Central Library, BUET2015-05-13  Circulation section660_280000000000000_CEA_1956 124312015-05-132015-05-13  Central Library, BUETGeneral Book
12660.28/CEA/1956Central Library, BUET2015-05-13  Circulation section660_280000000000000_CEA_1956 101512015-05-132015-05-13  Central Library, BUETGeneral Book